000 01603nam a2200385 a 4500
001 000003310
003 DO-SdBPM
005 20251210113726.0
007 ta
008 090707s2010 sp 000 0 spa d
020 _a9788449420177
040 _aDO-SdBPM
_bspa
_cBPMSU
_erda
082 4 _a808.83
_bS717c 2010
_222
092 _a
_b
100 _aSotillos, Eugenio,
_d1919-
_eautor
_4aut.
245 1 0 _aCuentos infantiles :
_bcon actividades para los niños /
_cEugenio Sotillos, Jaime Rovira, María José Albareda ; dirección Carlos Gispert.
264 _aBarcelona :
_bEditorial Oceano,
_c2010.
300 _a236 páginas :
_bilustraciones ;
_c29 cm +
_eCD-ROM.
336 _atexto
_btxt
_2rdacontent
337 _asin mediación
_bn
_2rdamedia
338 _avolumen
_bnc
_2rdacarrier
505 0 _gCaperucita roja ; El burro flautista ; Pulgarcito y sus hermanos ; El león y el ratón ; Los tres cerditos y el lobo feroz ; La cigarra y la hormiga ; El ratón de campo y el de ciudad ; El patito feo ; El gato con botas ; Dumbo, el elefante que podía volar ; Los tres osos
590 _aInventariado, 2025/VM
650 7 _aCuentos infantiles
_vColecciones
_x
650 7 _a Lectura
_xEnseñanza primaria
650 7 _aLibros ilustrados para niños
650 7 _a Cuentos fantásticos
650 7 _aPrincesas
_vCuentos infantiles |
700 1 _aRovira, Jaime
_etextos
700 1 _aAlbareda, María José.
_etexos
700 1 _aGispert, Carlos,
_edirección
700 1 _aGarriz, José,
_eeditorial
910 _aVMateo V. Control de calidad. BPMSU
942 _2ddc
_cBK
999 _c7245
_d7245